Biggest Cities in the United States in 1850 - Statistics

General Stats
  • This quiz has been taken 11 times
  • The average score is 55 of 100
Answer Stats
Population State City % Correct
515,547 NY New York
100%
121,376 PA Philadelphia
100%
50,763 NY Albany
90%
169,054 MD Baltimore
90%
136,881 MA Boston
90%
29,963 IL Chicago
90%
115,435 OH Cincinnati
90%
17,034 OH Cleveland
90%
116,375 LA New Orleans
90%
46,601 PA Pittsburgh
90%
41,513 RI Providence
90%
77,860 MO St. Louis
90%
40,001 DC Washington
90%
42,261 NY Buffalo
80%
42,985 SC Charleston
80%
17,882 OH Columbus
80%
21,019 MI Detroit
80%
20,515 AL Mobile
80%
38,894 NJ Newark
80%
20,815 ME Portland
80%
36,403 NY Rochester
80%
22,271 NY Syracuse
80%
8,734 VA Alexandria
70%
9,448 GA Augusta
70%
8,225 ME Augusta
70%
96,838 NY Brooklyn
70%
13,555 CT Hartford
70%
8,091 IN Indianapolis
70%
8,159 KY Lexington
70%
43,194 KY Louisville
70%
8,841 TN Memphis
70%
20,061 WI Milwaukee
70%
10,165 TN Nashville
70%
16,443 MA New Bedford
70%
20,345 CT New Haven
70%
9,563 RI Newport
70%
14,326 VA Norfolk
70%
9,738 NH Portsmouth
70%
8,626 VA Portsmouth
70%
27,570 VA Richmond
70%
15,312 GA Savannah
70%
13,979 DE Wilmington
70%
15,215 MA Cambridge
60%
8,576 NH Concord
60%
17,565 NY Dayton
60%
10,977 OH Dayton
60%
11,524 MA Fall River
60%
12,369 PA Lancaster
60%
33,383 MA Lowell
60%
14,257 MA Lynn
60%
8,728 AL Montgomery
60%
47,223 PA Northern Liberties
60%
13,944 NY Poughkeepsie
60%
20,264 MA Salem
60%
11,766 MA Springfield
60%
28,785 NY Troy
60%
21,262 PA Allegheny
50%
9,479 NJ Camden
50%
8,366 DC Georgetown
50%
13,932 NH Manchester
50%
11,334 NJ Paterson
50%
8,921 NY Schenectady
50%
58,894 PA Spring Garden
50%
11,435 WV Wheeling
50%
17,049 MA Worcester
50%
9,548 NY Auburn
40%
14,432 ME Bangor
40%
8,196 NH Dover
40%
46,774 PA Kensington
40%
14,190 LA Lafayette
40%
8,452 MA Nantucket
40%
9,572 MA Newburyport
40%
14,010 VA Petersburg
40%
8,166 NY Elmira
30%
10,232 NY Kingston
30%
8,282 MA Lawrence
30%
26,979 PA Moyamensing
30%
10,265 CT Norwich
30%
12,205 NY Oswego
30%
8,939 PA Penn
30%
15,743 PA Reading
30%
18,364 MA Roxbury
30%
11,500 RI Smithfield
30%
38,799 PA Southwark
30%
10,441 MA Taunton
30%
17,216 MA Charlestown
20%
8,291 MA Chicopee
20%
9,408 KY Covington
20%
8,109 MA Danvers
20%
8,811 NY Hempstead
20%
12,323 NY Lockport
20%
8,181 IN New Albany
20%
10,019 NJ New Brunswick
20%
11,415 NY Newburgh
20%
8,991 CT New London
20%
8,505 NY Seneca
20%
8,585 NY Brookhaven
10%
8,734 NY Chenango
10%
9,240 NY Fishkill
10%
30,780 NY Williamsburgh
10%
No matching quizzes found
Score Distribution
Percent of People with Each Score
Percentile by Number Answered
Your Score History
You have not taken this quiz